| 000 | 00664nam a2200265Ia 4500 | ||
|---|---|---|---|
| 008 | 210210b1938 xxu||||| |||| 00| 0 eng d | ||
| 041 | _aeng | ||
| 082 | _a531/56 | ||
| 100 | _aEINSTEEN (Albert) | ||
| 245 | _aEvolution of physics: the growth of ideas from the early concepts to relativity and quanta | ||
| 260 |
_aCambridge _bAt the University Press _c1938 |
||
| 300 | _a319 | ||
| 650 | _arelativity | ||
| 650 | _aquanta | ||
| 650 | _aphysics: | ||
| 650 | _aideas | ||
| 650 | _agrowth | ||
| 650 | _afrom | ||
| 650 | _aEvolution | ||
| 650 | _aearly | ||
| 650 | _aconcepts | ||
| 690 | _aPhysics | ||
| 700 | _aINFELD (Leopold) | ||
| 906 | _a008257 | ||
| 999 |
_c126156 _d126156 |
||